| 000 | 00962nac a22002531u 4500 | ||
|---|---|---|---|
| 010 | _a 99044875 | ||
| 020 | _a0849300495 (alk. paper) | ||
| 035 | _a(DLC) 99044875 | ||
| 082 | 0 | 0 |
_a621.38152 _bGOD |
| 090 |
_c8354 _d8354 |
||
| 100 | _a20080729 | ||
| 245 | 0 | 0 |
_aSemiconductor devices and circuits / _cAtul P. Godse and Uday A. Bashi |
| 250 | _a6th revised ed. | ||
| 260 |
_aPune, India _bTechnical publications ,2008 _c2008. |
||
| 300 |
_a812 p. : _bill. ; _c26 cm. |
||
| 500 | _adistributer: Al-Ahram | ||
| 504 | _aIncludes bibliographical references and index. | ||
| 511 | _acatalogued by: wessam | ||
| 650 | 0 | _aSemiconductors. | |
| 700 | 1 | _aBakshi, U. A. | |
| 856 | 4 | 2 |
_3Publisher description _uhttp://www.loc.gov/catdir/enhancements/fy0744/99044875-d.html |
| 942 |
_cBB _k621.38152GOD |
||
| 999 |
_c8354 _d8354 |
||